Statistics for "In" Sayings #2

Click here to take the quiz!

General Stats

  • This quiz has been taken 499 times
    (445 since last reset)
  • The average score is 17 of 22

Answer Stats

HintINAnswer% Correct
You have a twinkle...in youreye
97%
Don't put all your eggs...in onebasket
95%
They're two peas...in apod
95%
He's my knight...inshining armour
94%
My paycheck is burning a hole...in mypocket / wallet / purse
92%
They walked down the aisle arm...inarm
91%
He was born with a silver spoon...in hismouth
89%
I heard you have skeletons...in yourcloset / cupboard
87%
He has a spring...in hisstep
87%
The bad man needs a good kick...in thepants
82%
All's fair...inlove and war
81%
I'll forgive him when it's a cold day...inhell / July
79%
She's happy as a pig ...inmuck / mud / slop
76%
She was a candle...in thewind
74%
He' a nice guy. His heart is always...in theright place
69%
She's a big fish...in asmall pond
69%
She won't do it for all the tea...inChina
65%
A bird in the hand is worth two...in thebush
63%
He's nuts! He's got bats...in thebelfry / attic
55%
The devil is...in thedetails
54%
She is my ace...in thehole
54%
The rookie is a babe...in thewoods / wild
29%

Score Distribution

Percentile by Number Answered

Percent of People with Each Score

Your Score History

You have not taken this quiz since the last reset